Udržanie konkurencieschopnosti firiem v SR roku 2010 vplyvom na zmeny v zákone o dani z príjmov

Poukázanie na jednotlivé zmeny v zákone o dani z príjmov a zákona o DPH a jeho dopad na zníženie nákladov podnikateľskej jednotke.

Salvato in:
Dettagli Bibliografici
Autore principale: Víghová, Agneša
Natura: Capitolo di libro
Lingua:slovacco
Soggetti:
Tags: Aggiungi Tag
Nessun Tag, puoi essere il primo ad aggiungerne!!

MARC

LEADER 00000nla$a2200000$$$4500
001 0115134
005 20221207082056.7
041 0 |a slo 
044 |a SK 
245 1 0 |a Udržanie konkurencieschopnosti firiem v SR roku 2010 vplyvom na zmeny v zákone o dani z príjmov  |c Agneša Víghová 
520 |a Poukázanie na jednotlivé zmeny v zákone o dani z príjmov a zákona o DPH a jeho dopad na zníženie nákladov podnikateľskej jednotke. 
610 2 0 |a jednotka podnikateľská 
610 2 0 |a znižovanie nákladov 
610 2 0 |a dane z príjmov 
610 2 0 |a dane z hodnoty pridanej 
610 2 0 |a zákony 
610 2 0 |a novelizácia 
610 2 0 |a 2010 
610 2 0 |a konkurencieschopnosť 
100 1 |a Víghová, Agneša